|
|
|
|
| LEADER |
01856nam a22003611 4500 |
| 001 |
c000195948 |
| 003 |
CARM |
| 005 |
20021125001700.0 |
| 008 |
851003m18301831sp 0 spa d |
| 019 |
1 |
|
|a 3973852
|5 LACONCORD2021
|
| 035 |
|
|
|a (OCoLC)216907143
|5 LACONCORD2021
|
| 100 |
1 |
|
|a Moratin, Leandro Fernandez de,
|d 1760-1828.
|
| 240 |
1 |
0 |
|a Collections.
|f 1830
|
| 245 |
1 |
0 |
|a Obras de L.F. de Moratin :
|b dadas a luz por la Real Academia de la Historia.
|
| 260 |
|
|
|a Madrid :
|b Aguado,
|c 1830,
|c 1831.
|
| 300 |
|
|
|a 4 vols. in 6.
|
| 505 |
0 |
|
|a T.1, Origines del teatro espanol. 2 vols. T.2, Comedias originales. 2 vols. T.3, Traducciones dramaticas. T.4, Obras sueltas.
|
| 650 |
|
0 |
|a Drama
|x Translations into Spanish.
|
| 650 |
|
0 |
|a Spanish drama
|y Medieval
|x Bibliography.
|
| 852 |
8 |
|
|b CARM
|h A2:AO34A0
|i B06528
|p 0302350
|f BK
|
| 852 |
8 |
|
|b CARM
|h A2:AN35A0
|i B06421
|p 0298732
|f BK
|
| 852 |
8 |
|
|b CARM
|h A2:AO34A0
|i B06528
|p 0302349
|f BK
|
| 852 |
8 |
|
|b CARM
|h A2:AO34A0
|i B06528
|p 0302352
|f BK
|
| 852 |
8 |
|
|b CARM
|h A2:AP13A0
|i B06647
|p 0306768
|f BK
|
| 852 |
8 |
|
|b CARM
|h A2:AO34A0
|i B06528
|p 0302351
|f BK
|
| 082 |
0 |
4 |
|a 862.4
|
| 999 |
f |
f |
|i a465c046-5303-5312-bcd6-606027bfc4d5
|s 53653a37-b3b0-5743-a754-cad22c0b3596
|
| 952 |
f |
f |
|p Can circulate
|a CAVAL
|b CAVAL
|c CAVAL
|d CARM 1 Store
|e B06421
|f A2:AN35A0
|h Other scheme
|i book
|m 0298732
|
| 952 |
f |
f |
|p Can circulate
|a CAVAL
|b CAVAL
|c CAVAL
|d CARM 1 Store
|e B06528
|f A2:AO34A0
|h Other scheme
|i book
|m 0302350
|
| 952 |
f |
f |
|p Can circulate
|a CAVAL
|b CAVAL
|c CAVAL
|d CARM 1 Store
|e B06528
|f A2:AO34A0
|h Other scheme
|i book
|m 0302351
|
| 952 |
f |
f |
|p Can circulate
|a CAVAL
|b CAVAL
|c CAVAL
|d CARM 1 Store
|e B06647
|f A2:AP13A0
|h Other scheme
|i book
|m 0306768
|
| 952 |
f |
f |
|p Can circulate
|a CAVAL
|b CAVAL
|c CAVAL
|d CARM 1 Store
|e B06528
|f A2:AO34A0
|h Other scheme
|i book
|m 0302349
|
| 952 |
f |
f |
|p Can circulate
|a CAVAL
|b CAVAL
|c CAVAL
|d CARM 1 Store
|e B06528
|f A2:AO34A0
|h Other scheme
|i book
|m 0302352
|